[Event "GER-chT U14 Girls"]
[Site "Magdeburg"]
[Date "2014.06.28"]
[Round "6.3"]
[White "Dobryden, Arina Sergeevna"]
[Black "Schilay, Maria"]
[Result "0-1"]
[WhiteElo "800"]
[BlackElo "1090"]
[PlyCount "52"]
[EventDate "2013.12.27"]
[EventType "team-swiss"]
[EventRounds "4"]
[EventCountry "GER"]
[SourceTitle "EXT 2022"]
[Source "ChessBase"]
[SourceDate "2021.10.06"]
[SourceVersion "1"]
[SourceVersionDate "2021.10.06"]
[SourceQuality "1"]
[WhiteTeam "Bebenhausen"]
[BlackTeam "Neumarkt"]
[WhiteTeamCountry "GER"]
[BlackTeamCountry "GER"]

1. c4 e5 2. Nc3 Nc6 3. g3 g6 4. Bg2 Bg7 5. d3 Nf6 6. Nf3 d6 7. 0-0 Be6 8. Qb3 Rb8 9. a3 0-0 10. Qc2 Qd7 11. Bd2 Rfe8 12. b4 h6 13. b5 Ne7 14. a4 Bh3 15. Be3 Ra8 16. Rab1 b6 17. Nd2 Rad8 18. Rfe1 Bxg2 19. Kxg2 c6 20. Kf1 Qh3+ 21. Kg1 Ng4 22. Nf3 Nf5 23. Bd2 c5 24. Nd5 Nd4 25. Ne3 Nxf3+ 26. Kh1 Qxh2# 0-1

[Event "GER-chT U14 Girls"]
[Site "Magdeburg"]
[Date "2014.06.28"]
[Round "5.3"]
[White "Luebbert, Charline"]
[Black "Dobryden, Arina Sergeevna"]
[Result "1-0"]
[WhiteElo "1166"]
[BlackElo "800"]
[PlyCount "63"]
[EventDate "2013.12.27"]
[EventType "team-swiss"]
[EventRounds "4"]
[EventCountry "GER"]
[SourceTitle "EXT 2022"]
[Source "ChessBase"]
[SourceDate "2021.10.06"]
[SourceVersion "1"]
[SourceVersionDate "2021.10.06"]
[SourceQuality "1"]
[WhiteTeam "Gadebusch"]
[BlackTeam "Bebenhausen"]
[WhiteTeamCountry "GER"]
[BlackTeamCountry "GER"]

1. e4 c5 2. Nc3 Nc6 3. Nf3 g6 4. Bc4 Bg7 5. d3 d6 6. Ng5 e6 7. 0-0 Nf6 8. h3 0-0 9. Ne2 a6 10. c3 b5 11. Bb3 d5 12. exd5 exd5 13. Bc2 Re8 14. d4 cxd4 15. Nxd4 Bb7 16. Ngf3 Nxd4 17. Nxd4 Nd7 18. Be3 Be5 19. f4 Bf6 20. Qd2 Bg7 21. f5 Nb6 22. fxg6 fxg6 23. b3 Rf8 24. Rxf8+ Qxf8 25. Rf1 Qd6 26. Bb1 Rf8 27. Rxf8+ Qxf8 28. Nxb5 axb5 29. Bxb6 Qd6 30. Bd4 Bf8 31. Qe2 Qg3 32. Qe6# 1-0

[Event "GER-chT U14 Girls"]
[Site "Magdeburg"]
[Date "2013.12.28"]
[Round "3.3"]
[White "Truong, Lisa"]
[Black "Dobryden, Arina Sergeevna"]
[Result "1-0"]
[WhiteElo "1017"]
[BlackElo "800"]
[PlyCount "31"]
[EventDate "2013.12.27"]
[EventType "team-swiss"]
[EventRounds "4"]
[EventCountry "GER"]
[SourceTitle "EXT 2015"]
[Source "ChessBase"]
[SourceDate "2014.11.20"]
[SourceVersion "1"]
[SourceVersionDate "2014.11.20"]
[SourceQuality "1"]
[WhiteTeam "Schachelschweine"]
[BlackTeam "Bebenhausen"]
[WhiteTeamCountry "GER"]
[BlackTeamCountry "GER"]

1. e4 e5 2. Nf3 Nc6 3. Bc4 Nf6 4. d3 Bc5 5. Nc3 Ng4 6. 0-0 0-0 7. h3 Nf6 8. Bg5 d6 9. Nd5 Be6 10. Nxf6+ gxf6 11. Bh6 Re8 12. Nh4 f5 13. Nxf5 Bxc4 14. Qg4+ Qg5 15. Qxg5+ Kh8 16. Qg7# 1-0